000 00361nam a2200145 i 4500
001 bg
100 1 _aBULSA, Stanisław
245 0 _aEfektywność filtracji płynów w przegrodach porowatych /
_cStanisław Bulsa.
260 _aKraków,
_c1978.
040 _cBPK
041 _apol
080 _a532
942 _cKS
008 s pl f |000 0 pol
999 _c9826
_d9826
856 _uhttp://koha.tu.koszalin.pl/cgi-bin/koha/opac-detail.pl?biblionumber=9826
_yKatalog online BPK